000 00797cam a2200265u 4500
001 75324
003 BD-RjUL
005 20211209082655.0
008 821119s1946 ii 000 0 eng
035 _a(BD-RjUL)75542
040 _aDLC
_cCarP
_dDLC
_beng
041 _aeng
043 _aa-ii---
082 _223
_a635.0954
_bBIG 1946
100 1 _aBindal, Amar Nath. [from old catalog]
_9228635
245 0 0 _aGardening in India a practical handbook on fruit and flower gardening./
_cAmar Nath Bindal
250 _a1st ed.
260 _aBombay :
_c [1946]
_bD.B. Taraporevala
300 _aviii, 150 p. :
_c19 cm.
_bill. ;
650 0 _aGardening
_zIndia.
_9228636
906 _a0
_bcbc
_cpremunv
_du
_encip
_f19
_gy-gencatlg
942 _2ddc
_cBK
999 _c75324
_d75324